|
|
|
|
| LEADER |
00000cam a2200000 a 4500 |
| 001 |
vtls001058875 |
| 003 |
SK-MaSNL |
| 005 |
20260301232552.0 |
| 008 |
250414s1993 xo al brp 000 0 slo |
| 015 |
|
|
|a SNBA1995/0902436
|
| 020 |
|
|
|a 8096712713
|q (brož.)
|
| 035 |
|
|
|a SNK000001692
|
| 035 |
|
|
|a urn:nbn:sk:snk-amlo1x
|
| 035 |
|
|
|a urn:nbn:sk:snk-am00bs1d
|
| 035 |
|
|
|a 4D981E22-A514-4D5F-B242-ABF782E9AE2F
|
| 040 |
|
|
|a SNK
|b slo
|c SNK
|e AACR2
|
| 041 |
0 |
|
|a slo
|
| 044 |
|
|
|a xo
|c SK
|
| 080 |
|
|
|a 372.47(075.2)(076.5)
|2 1981
|
| 100 |
1 |
|
|a Melichar, Jan,
|d 1940-2022
|4 aut
|9 87552
|
| 245 |
1 |
0 |
|a Matematika hrou pre 2. ročník základnej školy
|c Jan Melichar, Miroslav Červinka
|
| 260 |
|
|
|a Bratislava
|b Alva
|c [1993]
|
| 300 |
|
|
|a 24 s.
|b Ilustr., sch.
|c 30 cm
|
| 500 |
|
|
|a Ilustr. na tit. strane
|
| 500 |
|
|
|a Z čes. orig. prel. Valéria Jablonská; Ilustr. Miroslava Jakešová
|
| 650 |
0 |
7 |
|a matematika
|x učebnice zákl. škôl (2. roč.)
|x zošity pracovné
|2 SNK
|9 276441
|
| 655 |
|
7 |
|a učebnice
|2 SNK
|9 22521
|
| 700 |
1 |
|
|a Červinka, Miroslav
|c (RNDr., CSc.)
|4 aut
|9 43288
|
| 700 |
1 |
|
|a Jablonská, Valéria,
|d 1945-
|4 trl
|9 39280
|
| 700 |
1 |
|
|a Jakešová, Miroslava,
|d 1943-
|4 ill
|9 44537
|
| 852 |
|
|
|a Slovenská národná knižnica
|
| 919 |
|
|
|a 80-967127-1-3
|
| 958 |
|
|
|a TL
|
| 958 |
|
|
|a OP
|
| 958 |
|
|
|a CZ
|
| 958 |
|
|
|a UX
|
| 958 |
|
|
|a BQ
|
| 999 |
|
|
|c 961817
|d 963747
|
| 952 |
|
|
|t P60, <09>, [BOOK], {629}
|a SNK
|b SNK
|y NEVYP
|7 0
|o snkB 820
|i snk2623/950809
|0 0
|1 0
|4 0
|d 1995-08-08
|l 0
|r 2004-12-31 00:00:00
|w 2026-02-24
|
| 952 |
|
|
|t P60, <03>, [BOOK], {603}
|a SNK
|b SNK
|y PREZ
|7 0
|p 17A0906928
|o snkSB 54306
|i snkKSP 6963/95
|0 0
|1 0
|4 0
|d 1995-08-08
|f 1
|l 0
|r 2016-12-31 00:00:00
|w 2026-02-24
|
| 952 |
|
|
|t P60, <04>, [BOOK], {604}
|a SNK
|b SNK
|y VYP
|7 0
|p 17A0077203
|o snkSB 54306 D1
|i snkKSP 6964/95
|0 0
|1 0
|4 0
|d 1995-08-08
|l 0
|r 2004-12-31 00:00:00
|w 2026-02-24
|